000 00652nam a22002177a 4500
003 UA-OsUOA
001 78377
007 ta
008 20111011b un ||||| |||| 00| 0 ukr d
100 _aБузук Н.Г.
090 _a34
_bБ90
942 _cSA
040 _aUA-OsUOA
_brus
_cUA-OsUOA
_dUA-OsUOA
245 _aФундаментальные основания философии права Н.Н. Алексеева
300 _aС.343-349
955 _a0
041 _arus
080 _a34
773 0 _w78370
_tСоциально-гуманитарные знания
_dМ.
_d2011
_g4
650 7 _a34 Право. Юриспруденція
_2UDC
999 _c364688
_d364688